000 00715nam a2200253Ia 4500
003 OSt
005 20220918223425.0
006 a|||||r|||| 00| 0
007 ta
008 220917b |||||||| |||| 00| 0 eng d
024 _a222,470
037 _cTextual
040 _aARTS
_cARTS
_beng
041 _2eng
_aeng
082 _aO111,2J64:g(V:17), N8
100 _aLoomba Ania Ed.
_927889
245 0 _aPost-colonial Shakespeares
260 _aLondon
_bRoutledge
_c1998
300 _ax, 308p
_ccm.
650 _aSHAKESPEARE, WILLIAM
700 _a Orkin Martin Ed.
_9145701
942 _hO111,2J64:g(V:17), N8
_cTEXL
_2CC
999 _c278394
_d278394